01365nab a22002057a 4500003000400000005001700004008004100021040000700062100002400069245016800093260007200261300001300333500003500346505048300381505009000864650002000954650002600974650002601000773013301026OSt20250220113406.0190605e xxu||||| |||| 00| 0 spa d cPJ aLoredo, María Sol10aPrincipio de gratuidad, beneficio de justicia gratuita y costas procesales. Un abordaje sobre la inequidad entre trabajadores y consumidores /cMaría Sol Loredo. aCiudad Autónoma de Buenos Aires :bThomson Reuters La Ley,c2025. ap. 27-39 aCita Online: AR/DOC/3133/2024. aSumario: I. Introducción.— II. Vulnerabilidad de los trabajadores y de los usuarios y consumidores. Análisis comparativo de los arts. 20 de la ley 20.744 y 53 de la ley 24.240.— III. Reflexiones sobre los alcances del beneficio de justicia gratuita y el principio de gratuidad.— IV. Desafíos en el acceso a la justicia: El fallo "Cantos" de la Corte Interamericana de Derechos Humanos y la postura de la Corte Suprema de Justicia de la Nación.— V. Conclusión.  t¿Te interesa el texto completo? Solicitalo al correo: koha@justierradelfuego.gov.ar  0aDERECHO LABORAL 0aPROCEDIMIENTO LABORAL 0aCONFLICTOS DE TRABAJO0 02711dCiudad Autónoma de Buenos Aires : Thomson Reuters La Ley, 1999-2002.tRevista de derecho del trabajo. Nº 1 - Enero 2025